000 01086nam0a22002891 4500
001 v19\rc\1423752
005 20060512133534.1
035 _a(NLR Aleph) 004549821
090 _a2125737
_c2125737
100 _a20060512e18901884|||y0rusy50 ca
101 0 _arus
102 _aRU
105 _ay z |||||
200 1 _aХутор Николаевка и пасека
_f[Соч.] Потомств. почет. гражд. Николая Николаевича Цвета
210 _aКиев
_cТип. Г.Т. Корчак-Новицкого
_d1890
215 _a16 с.
_d17
311 _aИзвлеч. из "Черниг. губ. вед." 1884 г., № 16-17, неофиц. ч.
488 0 _12001#$aЧерниговские губернские ведомости$v1884, № 16-17, неофиц. ч.
700 1 _aЦвет
_bН. Н.
_gНиколай Николаевич
801 0 _aRU
_bNLR
_gpsbo
801 0 _aRU
_bRuMoRGB
_2psbo
801 1 _aRU
_bProSoft-M
_2rusmarc
852 _aNLR
_j18.279.1.49
899 _aRuMoRGB
_jA 170/1556
899 _aБАН
942 _cBOOK
980 _aNB